Devine le personnage harry potter #1 - Statistiques

Statistiques générales
  • Ce quiz a été pris 1 103 fois
  • Le résultat moyen est 9 sur 10
Statistiques - réponses
Hint Indice Réponse % Correct
1 Cicatrice, Eclair Harry Potter
100%
8 Quidditch, roux, maladroit Ron Weasley
96%
3 Parrain, mort Sirius Black
95%
5 Phenix, puissant, directeur Albus Dumbledore
94%
6 Chausette, libre Dobby
94%
4 Différente, blonde Luna Lovegood
92%
2 Courageuse, rousse Ginny Weasley
91%
9 Mangemort, hautain, blond Lucius Malefoy
87%
10 Morte, amour Lily potter
82%
7 Lunette, professeur, bizarre Sibylle Trelawney
65%
Aucun quiz correspondant
Distribution des résultats
% des personnes avec chaque résultat
Percentile par nombre de réponses
Votre historique - résultats
Vous n’avez pas pris ce quiz